000 00308nam a2200121Ia 4500
008 240731s9999 xx 000 0 und d
022 _a1744-9367
245 0 _aManagement & Organizational History
260 _bRoutledge
856 _uhttps://www.tandfonline.com/loi/rmor20
942 _2ddc
942 _cTFEJ
999 _c78470
_d78470
945 _a1
_bMadushi Gamage
_c1
_dMadushi Gamage